| 000 | 00511nam a2200229Ia 4500 | ||
|---|---|---|---|
| 001 | 092024 | ||
| 003 | YMCAF | ||
| 005 | 20230512161824.0 | ||
| 008 | 100717s2007 ||||||||||||||||| ||und|d | ||
| 024 | _a92024 | ||
| 035 | _a31482 | ||
| 040 |
_aYMCAF _beng _cIN-KoLT |
||
| 041 | _aeng | ||
| 082 |
_a004.16 _bRAY |
||
| 100 | _aRay, Ajoy Kumar | ||
| 245 | 0 | _aAdvanced microprocessors and peripherals | |
| 250 | _a2nd | ||
| 260 |
_bTMH _c2007 |
||
| 300 | _a689 | ||
| 653 | _aBhurchandi, K M | ||
| 942 |
_2ddc _cBK |
||
| 999 |
_c9766 _d9766 |
||